| 000 | 00614nam a22001695i 4500 | ||
|---|---|---|---|
| 001 | 173567 | ||
| 003 | ES-MaACL | ||
| 005 | 20230906215257.0 | ||
| 008 | 091209s2009 sp |||| | spa d | ||
| 080 | _a342.721(4-672 UE) | ||
| 245 | 0 | 0 | _aRetos y opurtunidades para la transposición de la Directiva de Servicios. |
| 260 |
_aMadrid : _bCírculo de Empresarios, _c[2009] |
||
| 300 |
_a495 p. ; _c22 cm. |
||
| 500 | _aEn port.: Libro Marrón, Madrid, octubre 2009. Edición patrocinada por BBVA. | ||
| 650 | 1 | 4 |
_aLibertad de establecimiento y servicios (Derecho comunitario) _9141756 |
| 852 |
_aES-MaACL _jC-39589 |
||
| 999 |
_c173567 _d173567 |
||